[Event "Jean 8"]
[Site "www.echecsemail.com"]
[Date "2026.02.04"]
[Round "1"]
[White "Turbo"]
[Black "Intrigue"]
[WhiteElo "1390"]
[BlackElo "1720"]
[Result "0-1"]
1.e4 c5
2.Bf1c4 e6
3.b4 cxb4
4.a3 bxa3
5.Nb1xa3 Nb8c6
6.Ng1f3 d6
7.Bc1b2 Ng8f6
8.O-O Bf8e7
9.d4 a6
10.d5 exd5
11.Bc4a2 dxe4
12.Nf3g5 O-O
13.Bb2xf6 Be7xf6
14.Ng5xe4 Bf6xa1
15.Qd1xa1 Bc8f5
16.Ne4g3 Bf5g6
17.f4 h6
18.Na3c4 Bg6xc2
19.Nc4e3 Bc2h7
20.Ng3f5 Bh7xf5
21.Ne3xf5 Qd8f6
22.Qa1b1 Ra8b8
23.g3 Nc6d4
24.Nf5xd4 Qf6xd4
25.Kh1 Rf8e8
26.Rf1d1 Qd4e4
27.Qb1xe4 Re8xe4
28.Rd1xd6 Re4e1
{ abandon }0-1

[Event "Coupe Niveau 4"]
[Site "www.echecsemail.com"]
[Date "2026.02.04"]
[Round "1"]
[White "Echephile"]
[Black "Elghribi"]
[WhiteElo "2100"]
[BlackElo "1910"]
[Result "1-0"]
1.e4 d6
2.d4 Ng8f6
3.Nb1c3 g6
4.Bc1g5 Bf8g7
5.e5 Nf6d7
6.f4 f6
7.exf6 exf6
8.Qd1e2 Qd8e7
9.Bg5h4 Qe7xe2
10.Ng1xe2 O-O
11.Nc3d5 Nb8a6
12.Ne2c3 Rf8e8
13.Kd2 c6
14.Bf1xa6 cxd5
15.Ba6b5 a6
16.Bb5a4 b5
17.Ba4b3 Nd7b6
18.Nc3xd5 Nb6c4
19.Bb3xc4 bxc4
20.Nd5c7 Bc8f5
21.Nc7xa8 Re8xa8
22.Rh1e1 { abandon }1-0

[Event "Coupe Niveau 5"]
[Site "www.echecsemail.com"]
[Date "2026.02.04"]
[Round "1"]
[White "Alain64"]
[Black "Nemesis"]
[WhiteElo "2090"]
[BlackElo "2149"]
[Result "0-1"]
1.c4 e5
2.Nb1c3 Ng8f6
3.Ng1f3 Nb8c6
4.g3 Bf8b4
5.Bf1g2 O-O
6.O-O e4
7.Nf3g5 Bb4xc3
8.bxc3 Rf8e8
9.d3 exd3
10.exd3 h6
11.Ng5f3 d6
12.Bc1e3 Bc8d7
13.Qd1d2 Nc6e7
14.Nf3d4 c5
15.Nd4b5 Bd7c6
16.Rf1e1 a6
17.Nb5a3 Bc6xg2
18.Kxg2 Qd8a5
19.Na3c2 Ra8d8
20.d4 Qa5a4
21.Ra1b1 Qa4xc4
22.Rb1xb7 Qc4d5
23.Kg1 Qd5xb7
{ abandon }0-1

[Event "Défi"]
[Site "www.echecsemail.com"]
[Date "2026.02.04"]
[Round "1"]
[White "Ketchuplover"]
[Black "Sumax"]
[WhiteElo "1660"]
[BlackElo "2510"]
[Result "0-1"]
1.Ng1f3 d5
2.c4 d4
3.d3 Nb8c6
4.e3 e5
5.Bf1e2 g6
6.O-O Bf8g7
7.a3 a5
8.Bc1d2 Ng8e7
9.h3 O-O
10.Qd1a4 e4
11.dxe4 f5
12.Nf3xd4 fxe4
13.Bd2c3 Nc6e5
14.Nb1d2 c5
15.Nd4b3 Bc8d7
16.Qa4xa5 Ra8xa5
17.Bc3xa5 b6
18.Ba5c3 Bd7c6
19.Ra1d1 Qd8c7
20.Nb3c1 Ne7f5
21.Bc3xe5 Qc7xe5
{ abandon }0-1

[Event "Tournoi n27437"]
[Site "www.echecsemail.com"]
[Date "2026.02.04"]
[Round "1"]
[White "Nemesis"]
[Black "Alain64"]
[WhiteElo "2170"]
[BlackElo "2060"]
[Result "1-0"]
1.e4 c5
2.Ng1f3 Nb8c6
3.d4 cxd4
4.Nf3xd4 d6
5.Nb1c3 Ng8f6
6.Bc1g5 g6
7.Bg5xf6 exf6
8.Bf1c4 Bf8g7
9.Nd4b5 Bg7f8
10.Nc3d5 Qd8a5
11.c3 Kd8
12.b4 Qa5a6
13.Nd5c7 { abandon }1-0

[Event "Tournoi n27437"]
[Site "www.echecsemail.com"]
[Date "2026.02.04"]
[Round "1"]
[White "Alain64"]
[Black "Orosco"]
[WhiteElo "2060"]
[BlackElo "2230"]
[Result "0-1"]
1.f4 Ng8f6
2.Ng1f3 d6
3.b3 e5
4.fxe5 dxe5
5.Bc1b2 Nb8c6
6.Nf3xe5 Nc6xe5
7.Bb2xe5 Nf6g4
8.Be5g3 Bf8d6
9.e3 Bd6xg3
10.hxg3 Qd8f6
11.Qd1f3 Qf6xa1
{ abandon }0-1

[Event "Tournoi n27407"]
[Site "www.echecsemail.com"]
[Date "2026.02.04"]
[Round "1"]
[White "Wenoketo"]
[Black "Legrillon"]
[WhiteElo "1720"]
[BlackElo "1750"]
[Result "0-1"]
1.d4 d5
2.Ng1f3 Ng8f6
3.Bc1f4 Nb8c6
4.h3 h6
5.Nb1d2 e6
6.e3 Bf8d6
7.Bf1e2 Bd6xf4
8.exf4 O-O
9.O-O a6
10.c3 b5
11.a3 Nc6a5
12.Nf3e5 Qd8e7
13.b4 Na5c4
14.Nd2xc4 bxc4
15.Ne5g4 Nf6e4
16.Qd1c2 e5
17.Ng4xe5 Bc8b7
18.Be2f3 Ne4f6
19.Ne5g4 Nf6e4
20.Ra1e1 h5
21.Ng4h2 Qe7f6
22.g3 Qf6g6
23.Bf3xe4 dxe4
24.Re1e3 Rf8e8
25.Rf1e1 Re8e7
26.Kh1 f5
27.Nh2f1 Bb7d5
28.Nf1d2 Kf7
29.Re1g1 Qg6f6
30.Kh2 Qf6b6
31.Rg1b1 c6
32.a4 a5
33.h4 g6
34.b5 c5
35.dxc5 Qb6xc5
36.Rb1b2 Re7b7
37.Qc2b1 Rb7b6
38.Kg1 Ra8d8
39.Qb1e1 Qc5a3
40.Qe1b1 Qa3c5
41.Qb1e1 Qc5a3
42.Qe1b1 Qa3xa4
43.Rb2a2 Qa4xb5
44.Qb1xb5 Rb6xb5
45.Kh2 Rd8b8
46.Ra2a4 Rb8a8
47.Re3e2 Rb5b2
48.Kg2 e3
{ abandon }0-1

[Event "Eq:Royal Kids-Avalon :"]
[Site "www.echecsemail.com"]
[Date "2026.02.04"]
[Round "1"]
[White "Pourquoipas"]
[Black "Manulatus"]
[WhiteElo "1640"]
[BlackElo "1930"]
[Result "0-1"]
1.f4 d5
2.e4 dxe4
3.Nb1c3 Ng8f6
4.d3 Bc8g4
5.Bf1e2 exd3
6.Qd1xd3 Nb8c6
7.h3 Bg4xe2
8.Ng1xe2 Qd8xd3
9.cxd3 O-O-O
10.O-O Rd8xd3
11.f5 g6
12.a4 Nf6d5
13.Rf1d1 Rd3xd1
14.Nc3xd1 Bf8g7
15.a5 a6
16.Ra1a4 gxf5
17.Ne2f4 Nd5xf4
18.Bc1xf4 e5
19.Bf4d2 Rh8d8
20.b4 Rd8xd2
21.Nd1c3 e4
22.Ra4a3 Rd2d3
23.Nc3b1 Rd3xa3
24.Nb1xa3 Nc6xb4
25.Na3c4 Nb4c6
26.Kf2 Bg7c3
27.Ke3 Nc6xa5
28.Nc4d2 Bc3xd2
29.Kxd2 c5
30.Kc3 Kc7
31.Kd2 Kd6
32.g3 h5
33.Kc3 Kd5
34.Kd2 b5
{ abandon }0-1

[Event "CHATURANGA"]
[Site "www.echecsemail.com"]
[Date "2026.02.04"]
[Round "1"]
[White "Titit1"]
[Black "Leredoutable"]
[WhiteElo "1480"]
[BlackElo "1750"]
[Result "0-1"]
1.e4 e5
2.Ng1f3 Ng8f6
3.Bf1c4 Bf8e7
4.Nf3g5 O-O
5.Qd1f3 b5
6.Bc4xb5 c6
7.Bb5d3 Bc8b7
8.a3 d6
9.O-O Nb8d7
10.Qf3h3 h6
11.Ng5f3 Bb7c8
12.Nf3h4 Nd7c5
13.Qh3g3 Nf6h5
14.Qg3f3 Be7xh4
15.Qf3xh5 Bh4g5
16.Bd3e2 Nc5xe4
17.f3 Ne4f6
18.Qh5xg5 hxg5
19.Nb1c3 d5
20.Be2d3 g6
21.Bd3e2 Kg7
22.d3 Nf6h5
23.f4 Nh5xf4
24.Be2f3 Rf8h8
25.Nc3e2 g4
26.Bf3xg4 Bc8xg4
27.Ne2xf4 exf4
28.Bc1xf4 Qd8h4
29.h3 Bg4e2
30.Rf1f2 Be2g4
31.Bf4h2 Ra8e8
32.Rf2f1 Re8e2
33.Ra1c1 Re2xg2
34.Kxg2 Qh4xh3
35.Kg1 Qh3xh2
0-1

[Event "CARPE DIEM"]
[Site "www.echecsemail.com"]
[Date "2026.02.04"]
[Round "1"]
[White "Marmotte"]
[Black "Malaouat"]
[WhiteElo "1560"]
[BlackElo "1410"]
[Result "1-0"]
1.e4 c5
2.Ng1f3 d6
3.d4 cxd4
4.Nf3xd4 Ng8f6
5.Nb1c3 a6
6.Bf1d3 e5
7.Nd4f3 Nb8c6
8.Bc1e3 Bc8g4
9.h3 Bg4xf3
10.Qd1xf3 b5
11.O-O Nc6d4
12.Be3xd4 exd4
13.Nc3d5 Bf8e7
14.Nd5xe7 Qd8xe7
15.e5 Kd7
16.exf6 gxf6
17.Rf1e1 { abandon }1-0

[Event "ZGOUGOU"]
[Site "www.echecsemail.com"]
[Date "2026.02.04"]
[Round "1"]
[White "Youliyouli"]
[Black "Legrillon"]
[WhiteElo "1870"]
[BlackElo "1740"]
[Result "1-0"]
1.e4 e5
2.Ng1f3 Nb8c6
3.Nb1c3 Ng8f6
4.Bf1c4 Nf6xe4
5.Nc3xe4 d5
6.Bc4xd5 Qd8xd5
7.Ne4c3 Qd5c5
8.O-O Bc8g4
9.Nc3e4 Qc5d5
10.d3 h6
11.h3 Bg4xf3
12.Qd1xf3 Bf8e7
13.Qf3g3 g6
14.b3 Nc6b4
15.Bc1a3 O-O-O
16.Ba3xb4 Be7xb4
17.c3 Bb4e7
18.Rf1d1 f5
19.c4 Qd5f7
20.Ne4c3 Be7f6
21.Qg3e3 Kb8
22.Nc3b5 b6
23.a4 a6
24.Nb5c3 Rd8d4
25.a5 f4
26.Qe3f3 Qf7e6
27.axb6 Qe6xb6
28.Rd1b1 Rh8d8
29.Nc3d5 Qb6e6
30.b4 e4
31.dxe4 Rd4xc4
32.Nd5xf6 Qe6xf6
33.b5 Ka7
34.Ra1xa6 Qf6xa6
35.bxa6 { abandon }1-0

[Event "5 octobre 2025"]
[Site "www.echecsemail.com"]
[Date "2026.02.04"]
[Round "1"]
[White "Jyfsk"]
[Black "Kaelstrum"]
[WhiteElo "1770"]
[BlackElo "1400"]
[Result "1/2-1/2"]
1.e4 e5
2.d4 exd4
3.Qd1xd4 Nb8c6
4.Qd4d1 Ng8f6
5.Bf1d3 Bf8c5
6.Ng1f3 h6
7.O-O d6
8.b3 Bc8g4
9.Bc1b2 Bc5d4
10.Bb2xd4 Nc6xd4
11.Nb1d2 Nd4xf3
12.Nd2xf3 O-O
13.Rf1e1 Rf8e8
14.c4 Nf6h7
15.h3 Bg4h5
16.g4 Bh5g6
17.Kg2 Nh7g5
18.Nf3xg5 Qd8xg5
19.Kg3 f5
20.exf5 Bg6f7
21.f4 Qg5f6
22.Qd1d2 d5
23.Re1xe8 Ra8xe8
24.Ra1c1 Qf6d4
25.Rc1f1 dxc4
26.bxc4 Re8e3
27.Rf1f3 Re3xf3
28.Kxf3 Kh8
29.Qd2c2 Qd4g1
30.Qc2f2 Qg1h1
31.Kg3 h5
32.g5 b6
33.g6 Bf7e8
34.Bd3f1 Be8d7
35.Qf2d4 Qh1xf1
36.Qd4xd7 Qf1g1
37.Kf3 Qg1h1
38.Kg3 Qh1g1
39.Kh4 Qg1f2
40.Kg5 Qf2g3
41.Kxh5 Qg3xh3
42.Kg5 Qh3g3
43.Kh5 Qg3h3
44.Kg5 Qh3g3
45.Kh5 Qg3h3
46.Kg5 Qh3g3
1/2-1/2

[Event "Coupe Niveau 3"]
[Site "www.echecsemail.com"]
[Date "2026.02.04"]
[Round "1"]
[White "Nemesis"]
[Black "Patau"]
[WhiteElo "2119"]
[BlackElo "1670"]
[Result "1-0"]
1.e4 Nb8c6
2.Ng1f3 d5
3.exd5 Qd8xd5
4.Nb1c3 Qd5a5
5.Bf1b5 a6
6.Bb5xc6 bxc6
7.d4 Bc8f5
8.Nf3e5 Qa5b6
9.O-O e6
10.Qd1h5 Bf5g6
11.Ne5xg6 fxg6
12.Qh5e5 c5
13.Nc3d5 Qb6d6
14.Nd5xc7 Kd7
15.Qe5xd6 Kxd6
16.Nc7xa8 Bf8e7
17.Na8b6 Ng8f6
18.Bc1e3 cxd4
19.Be3xd4 e5
20.Bd4e3 Ke6
21.c4 Rh8d8
22.Rf1d1 Rd8xd1
23.Ra1xd1 { abandon }1-0

[Event "Défi"]
[Site "www.echecsemail.com"]
[Date "2026.02.04"]
[Round "1"]
[White "Lancov"]
[Black "Arno"]
[WhiteElo "1940"]
[BlackElo "1770"]
[Result "0-1"]
1.e4 c5
2.c3 Ng8f6
3.e5 Nf6d5
4.d4 cxd4
5.cxd4 e6
6.Ng1f3 Nb8c6
7.Bf1d3 Bf8b4
8.Nb1d2 Nd5f4
9.Bd3f1 d6
10.a3 Bb4a5
11.b4 Ba5b6
12.Nd2b3 dxe5
13.Bc1xf4 exf4
14.Bf1e2 O-O
15.O-O Nc6e7
16.Qd1c2 Ne7f5
17.g4 fxg3
18.hxg3 Bc8d7
19.Kg2 Ra8c8
20.Qc2b2 Qd8f6
21.Ra1d1 Bd7c6
22.b5 Bc6d5
23.a4 Bd5xb3
24.Qb2xb3 Nf5xd4
25.Nf3xd4 Bb6xd4
26.Rd1d3 e5
27.f4 e4
28.Rd3d1 Rc8c3
29.Qb3d5 Bd4b6
30.Qd5xe4 Rc3e3
31.Qe4c2 Rf8e8
32.Be2f3 Re3c3
33.Qc2a2 Qf6g6
34.Rd1d2 Bb6a5
35.Rd2d7 Rc3c2
36.Qa2xc2 Qg6xc2
37.Kh3 Qc2c8
38.Rf1d1 g6
39.Bf3xb7 Qc8b8
40.Bb7c6 Qb8c8
41.Kg2 Ba5b6
42.a5 Bb6xa5
43.Rd7xa7 Qc8g4
44.Bc6f3 Re8e2
{ abandon }0-1

[Event "Tournoi n27445"]
[Site "www.echecsemail.com"]
[Date "2026.02.05"]
[Round "1"]
[White "Bertelsen"]
[Black "Tiounet"]
[WhiteElo "1710"]
[BlackElo "1630"]
[Result "0-1"]
1.d4 b5
2.Ng1f3 Bc8b7
3.e3 a6
4.Bf1e2 g6
5.O-O Bf8g7
6.c3 Ng8f6
7.Nb1d2 O-O
8.Ra1b1 d6
9.b3 Nb8d7
10.c4 bxc4
11.Nd2xc4 Ra8b8
12.Nc4a5 Qd8c8
13.Na5xb7 Qc8xb7
14.Nf3g5 Nd7b6
15.Be2f3 d5
16.Bc1b2 e6
17.Rb1c1 Nb6d7
18.Qd1c2 Nd7b6
19.Qc2c6 Rf8c8
20.Qc6xb7 Rb8xb7
21.g3 Nb6a4
22.Bb2a1 Na4b6
23.Rc1c6 Nf6d7
24.Rf1c1 Nd7b8
25.Rc6c2 Nb6d7
26.Bf3g4 a5
27.a3 Nb8a6
28.Rc1b1 c6
29.Ba1c3 a4
30.b4 Rb7c7
31.Rb1c1 c5
32.bxc5 Nd7xc5
33.dxc5 Rc7xc5
34.Ng5xe6 Rc5xc3
35.Rc2xc3 Rc8xc3
36.Rc1d1 fxe6
37.Bg4xe6 Kf8
38.Rd1xd5 Rc3xa3
39.Be6c8 Na6b4
40.Rd5b5 Nb4d3
41.Bc8e6 Ra3a1
42.Kg2 a3
43.Rb5b8 Ke7
44.Be6c4 Nd3b2
45.Bc4b3 Nb2d3
46.Rb8b7 Kf6
47.Rb7b6 Kg5
48.h4 Kh6
49.g4 Bg7b2
50.Bb3e6 Nd3e1
51.Kg3 Ne1d3
52.g5 Kg7
53.Rb6b7 Kf8
54.Rb7f7 Ke8
55.Rf7xh7 a2
56.Be6xa2 Ra1xa2
57.h5 gxh5
58.g6 Ra2a5
{ abandon }0-1

[Event "Transval 2"]
[Site "www.echecsemail.com"]
[Date "2026.02.05"]
[Round "1"]
[White "Abelito"]
[Black "39wx"]
[WhiteElo "1580"]
[BlackElo "1620"]
[Result "0-1"]
1.e4 e5
2.Ng1f3 Nb8c6
3.Bf1c4 d6
4.c3 Bc8e6
5.d3 Ng8f6
6.a3 Nc6a5
7.Bc4xe6 fxe6
8.b4 Na5c6
9.b5 Nc6e7
10.O-O Ne7g6
11.c4 Bf8e7
12.Qd1a4 O-O
13.g3 Nf6d7
14.Nb1c3 Rf8xf3
15.Qa4d1 Qd8f8
16.Bc1e3 b6
17.Nc3e2 Nd7f6
18.Ne2d4 exd4
19.Be3xd4 Nf6g4
20.Kg2 Ng6e5
21.h3 Rf3xd3
22.Qd1c2 Rd3xd4
23.hxg4 Qf8f3
24.Kg1 Ra8f8
25.Qc2d1 Rd4xd1
{ abandon }0-1

[Event "Défi"]
[Site "www.echecsemail.com"]
[Date "2026.02.05"]
[Round "1"]
[White "Khamis"]
[Black "Pgo"]
[WhiteElo "1920"]
[BlackElo "1740"]
[Result "0-1"]
1.d4 d5
2.c4 e6
3.Nb1c3 Bf8b4
4.Ng1f3 Ng8f6
5.Bc1g5 O-O
6.e3 h6
7.Bf1d3 hxg5
8.Nf3xg5 a6
9.O-O Bb4xc3
10.bxc3 Nb8c6
11.Ng5f3 g6
12.a3 Rf8e8
13.c5 e5
14.dxe5 Nc6xe5
15.Nf3xe5 Re8xe5
16.Qd1c2 Kg7
17.Ra1e1 Bc8f5
18.f4 Bf5xd3
19.Qc2xd3 Re5e4
20.Re1b1 Ra8b8
21.Rb1b4 c6
22.Rb4xe4 Nf6xe4
23.Rf1f3 f5
24.Qd3d4 Qd8f6
25.Qd4e5 Qf6xe5
26.fxe5 Ne4xc3
27.Kf2 Nc3e4
28.Ke2 Ne4c3
29.Kd3 Nc3e4
30.Kd4 Ne4d2
31.Rf3f2 Nd2e4
32.Rf2b2 Ne4g5
33.Rb2c2 Ng5e6
34.Kd3 g5
35.h3 Kg6
36.Ke2 d4
37.g3 Rb8d8
38.Rc2d2 dxe3
39.Rd2xd8 Ne6xd8
40.Kxe3 Nd8e6
 { temps }0-1

[Event "BERNARD MAS"]
[Site "www.echecsemail.com"]
[Date "2026.02.05"]
[Round "1"]
[White "Woluwe1975"]
[Black "4x4"]
[WhiteElo "1660"]
[BlackElo "1490"]
[Result "1-0"]
1.e4 e5
2.Ng1f3 d6
3.Bf1c4 Bc8e6
4.Bc4e2 Ng8f6
5.c3 Nb8c6
6.d4 Qd8d7
7.d5 Nf6xd5
8.exd5 Nc6e7
9.dxe6 fxe6
10.Bc1e3 O-O-O
11.O-O g6
12.Be3g5 Bf8g7
13.Qd1b3 Rd8f8
14.Rf1d1 Bg7f6
15.Bg5h6 Rf8f7
16.Bh6e3 b6
17.Be2a6 Kb8
18.Nb1a3 c5
19.Na3b5 Ne7c6
20.Rd1xd6 Qd7e7
21.Rd6xc6 Rh8d8
22.Ra1d1 Rd8xd1
23.Qb3xd1 Qe7e8
24.Qd1d6 Rf7c7
25.Qd6xc7 Ka8
26.Ba6b7 1-0

[Event "Tournoi n27391"]
[Site "www.echecsemail.com"]
[Date "2026.02.05"]
[Round "1"]
[White "Hermite"]
[Black "Mandrak"]
[WhiteElo "1530"]
[BlackElo "1570"]
[Result "0-1"]
1.e4 e5
2.Ng1f3 f6
3.Nb1c3 c6
4.Bf1e2 d6
5.d3 Bc8e6
6.O-O Nb8a6
7.b3 Qd8a5
8.Bc1d2 b5
9.Nc3b1 b4
10.a3 c5
11.Bd2e3 g5
12.Nf3xg5 fxg5
13.Be2h5 Be6f7
14.Be3xg5 h6
15.Bh5xf7 Kxf7
16.Qd1f3 Ke6
17.Qf3g4 Kf7
18.Qg4f5 Kg7
19.Bg5h4 Ng8e7
20.Qf5g4 Kh7
21.Nb1d2 Qa5c7
22.a4 Ra8d8
23.Qg4e6 Kg7
24.Qe6f6 Kg8
25.f4 h5
26.f5 Rh8h6
27.Qf6g5 Kh7
28.Qg5g3 Rd8d7
29.Bh4g5 Ne7g8
30.Bg5xh6 Bf8xh6
31.Qg3g6 Kh8
32.Qg6xh5 Qc7d8
33.Qh5g6 Rd7g7
34.Qg6h5 Qd8f6
35.Nd2f3 Na6c7
36.Nf3h4 Rg7g5
37.Nh4g6 Kg7
38.g3 Rg5xh5
39.g4 Rh5g5
40.Rf1f2 Rg5xg4
41.Kf1 Qf6g5
42.Ke2 Nc7e8
{ abandon }0-1

[Event "Tournoi n27404"]
[Site "www.echecsemail.com"]
[Date "2026.02.05"]
[Round "1"]
[White "Tiounet"]
[Black "Panchoa"]
[WhiteElo "1650"]
[BlackElo "1630"]
[Result "1-0"]
1.a3 e5
2.b4 Nb8c6
3.Bc1b2 Bf8d6
4.Ng1f3 Ng8f6
5.b5 Nc6e7
6.Nf3xe5 Bd6xe5
7.Bb2xe5 Ne7d5
8.g3 O-O
9.Bf1g2 d6
10.Be5b2 b6
11.c4 Qd8d7
12.O-O Ra8b8
13.cxd5 Qd7xb5
14.Qd1c2 Rb8b7
15.Bb2xf6 gxf6
16.Nb1c3 Qb5c4
17.d3 Qc4g4
18.Rf1e1 a6
19.Nc3e4 Qg4f5
20.Qc2a4 Rb7a7
21.Qa4d4 Kg7
22.a4 Bc8b7
23.Ne4c3 Rf8e8
24.Qd4h4 Bb7c8
25.Bg2e4 Re8xe4
26.Nc3xe4 Qf5g6
27.Re1c1 Bc8g4
28.f3 Bg4f5
29.g4 h6
30.Kh1 Bf5xe4
31.dxe4 Ra7a8
32.Qh4h5 Qg6h7
33.Rc1xc7 Ra8f8
34.Rc7c6 Qh7g6
35.Ra1g1 Qg6g5
36.Rc6xb6 Qg5e3
37.Rb6b2 Kh7
38.Qh5f5 Kg7
39.h4 Qe3f2
40.g5 Qf2xh4
41.Kg2 fxg5
42.Rg1h1 Qh4f4
43.Qf5xf4 gxf4
44.Rb2b6 Rf8c8
45.Rb6xa6 Rc8c2
46.Kf2 Kf6
47.Ra6xd6 Ke5
48.Rd6a6 Kd4
49.Rh1e1 h5
50.Re1d1 Ke5
51.Ra6a8 h4
52.d6 h3
53.d7 h2
54.d8Q { abandon }1-0

[Event "Eq:Royal Kids-au plaisir du jeux  :"]
[Site "www.echecsemail.com"]
[Date "2026.02.05"]
[Round "1"]
[White "Tinenfant"]
[Black "Skalfa"]
[WhiteElo "1880"]
[BlackElo "1850"]
[Result "1-0"]
1.e4 e5
2.Ng1f3 Nb8c6
3.Bf1c4 h6
4.O-O Ng8f6
5.d3 a6
6.c3 Bf8c5
7.b4 Bc5a7
8.Bc1b2 O-O
9.Nb1d2 b5
10.Bc4b3 Nc6e7
11.Nf3xe5 d6
12.Ne5f3 c5
13.bxc5 dxc5
14.Bb3c2 Ne7g6
15.Rf1e1 Rf8e8
16.h3 Nf6h7
17.d4 Bc8b7
18.e5 Nh7g5
19.Nf3xg5 Qd8xg5
20.Bc2e4 Ng6f4
21.Be4xb7 Nf4xh3
22.Kf1 Nh3f4
23.Bb7xa8 Qg5xg2
24.Ba8xg2 Nf4d3
25.Ra1b1 Nd3xe1
26.Qd1xe1 { abandon }1-0

[Event "Jean 8"]
[Site "www.echecsemail.com"]
[Date "2026.02.05"]
[Round "1"]
[White "Petitlulu64"]
[Black "Orosco"]
[WhiteElo "1720"]
[BlackElo "2220"]
[Result "0-1"]
1.d4 Ng8f6
2.Ng1f3 d5
3.c3 e6
4.Bc1e3 Bf8d6
5.g3 O-O
6.Bf1g2 Nb8d7
7.O-O e5
8.Nf3xe5 Nd7xe5
9.dxe5 Bd6xe5
10.Be3g5 c6
11.Nb1d2 h6
12.Bg5xf6 Be5xf6
13.e3 Qd8b6
14.Ra1b1 Bc8f5
15.Nd2f3 Rf8e8
16.e4 Bf5xe4
17.Rf1e1 Be4xb1
18.Qd1xb1 Re8xe1
19.Qb1xe1 Qb6xb2
20.Nf3h4 Bf6xc3
21.Qe1e7 Bc3f6
22.Qe7xb7 Qb2xb7
{ abandon }0-1

[Event "Tournoi n27395"]
[Site "www.echecsemail.com"]
[Date "2026.02.05"]
[Round "1"]
[White "Aramis"]
[Black "Majula"]
[WhiteElo "1580"]
[BlackElo "1610"]
[Result "0-1"]
1.e4 e5
2.Ng1f3 Nb8c6
3.c3 Ng8f6
4.d3 d5
5.exd5 Qd8xd5
6.Bf1e2 h6
7.O-O Bc8f5
8.c4 Qd5d7
9.a3 Bf8c5
10.Nb1c3 a6
11.Ra1a2 b5
12.Nf3h4 g5
13.cxb5 axb5
14.Nc3xb5 gxh4
15.Be2f3 h5
16.Bf3e2 Bf5g4
17.Be2xg4 hxg4
18.g3 hxg3
19.hxg3 Nc6d4
20.Nb5xd4 Bc5xd4
21.Bc1e3 Qd7d5
22.b3 Qd5h1
0-1

[Event "Memorial Lara CIII"]
[Site "www.echecsemail.com"]
[Date "2026.02.05"]
[Round "1"]
[White "Leredoutable"]
[Black "Rvsinovitch"]
[WhiteElo "1760"]
[BlackElo "2030"]
[Result "0-1"]
1.e4 c6
2.Ng1f3 d5
3.exd5 cxd5
4.d4 Nb8c6
5.Bf1d3 Qd8c7
6.Bc1g5 h6
7.Bg5h4 g5
8.Bh4g3 Qc7b6
9.Nb1c3 e6
10.O-O Qb6xb2
11.Nc3a4 Qb2a3
12.c4 Bf8g7
13.cxd5 exd5
14.Na4c5 Ng8e7
15.Bd3c2 O-O
16.Qd1d3 Qa3xd3
17.Bc2xd3 b6
18.Nc5b3 Bc8g4
19.Nf3e5 Nc6xe5
20.dxe5 Ne7f5
21.f3 Nf5xg3
22.hxg3 Bg4e6
23.f4 f6
24.f5 Be6c8
25.e6 Rf8e8
26.Nb3d4 Bc8b7
27.Bd3b5 Re8e7
28.g4 a6
29.Bb5d7 Bg7f8
30.Rf1c1 Re7h7
31.Rc1c7 Ra8b8
32.Nd4e2 Bf8d6
33.Kf2 Bd6xc7
34.Ra1c1 Bc7d6
35.Rc1c3 Bd6c5
36.Ke1 Bc5b4
37.Kd2 Bb4xc3
38.Ne2xc3 Rh7xd7
39.exd7 Rb8d8
40.g3 Rd8xd7
41.Ke3 d4
{ abandon }0-1

[Event "DOUKIPUDONKTAN"]
[Site "www.echecsemail.com"]
[Date "2026.02.05"]
[Round "1"]
[White "Petitlulu64"]
[Black "Woluwe1975"]
[WhiteElo "1690"]
[BlackElo "1650"]
[Result "0-1"]
1.e4 e5
2.Ng1f3 Ng8f6
3.Nf3xe5 d6
4.Ne5f3 Nf6xe4
5.Qd1e2 Qd8e7
6.d3 Ne4f6
7.Bc1e3 Bc8g4
8.Nb1c3 Nb8c6
9.O-O-O Bg4xf3
10.Qe2xf3 Qe7d7
11.Rd1e1 Bf8e7
12.Be3g5 O-O
13.Nc3e4 Nf6xe4
14.Bg5xe7 Nc6xe7
15.Qf3xe4 Ne7g6
16.Qe4b4 Qd7c6
17.Re1e4 Rf8e8
18.f3 f5
19.Re4c4 Qc6b6
20.Qb4c3 c6
21.d4 d5
22.Rc4b4 Qb6c7
23.Bf1d3 Qc7f4
24.Qc3d2 Qf4c7
25.Rh1g1 a5
26.Rb4b3 Ng6f4
27.g3 Nf4xd3
28.Rb3xd3 Re8e6
29.Rg1e1 Ra8e8
30.Rd3e3 Re6xe3
31.Re1xe3 Re8xe3
32.Qd2xe3 Kf8
33.Qe3e5 Qc7xe5
34.dxe5 g5
35.Kd2 f4
36.gxf4 gxf4
37.Kd3 c5
38.a3 Kf7
39.c3 Ke6
40.b4 b6
41.h4 Kxe5
42.bxc5 bxc5
43.a4 c4
44.Ke2 h5
45.Kd2 d4
46.cxd4 Kxd4
47.Kc2 Ke3
48.Kc3 Kxf3
49.Kxc4 Kg2
50.Kb5 f3
51.Kxa5 f2
52.Kb6 f1Q
53.a5 Kg3
54.a6 Qf1xa6
55.Kxa6 Kxh4
56.Kb5 Kg3
57.Kc4 h4
58.Kd3 h3
59.Ke2 Kg2
60.Ke1 h2
61.Ke2 h1Q
62.Kd3 Qh1h4
63.Ke3 Kg3
64.Kd3 Kf3
65.Kc3 Ke3
66.Kb3 Qh4d4
67.Ka3 Kd3
68.Kb3 Qd4c4
69.Kb2 Kd2
70.Ka3 Qc4b5
71.Ka2 Kc3
72.Ka1 Qb5b2
0-1

[Event "XERTIGNY  VOSGES"]
[Site "www.echecsemail.com"]
[Date "2026.02.05"]
[Round "1"]
[White "Rachess"]
[Black "Petitlulu64"]
[WhiteElo "1560"]
[BlackElo "1760"]
[Result "0-1"]
1.e4 e5
2.Ng1f3 Ng8f6
3.Bf1c4 Bf8d6
4.d3 O-O
5.Bc1g5 h6
6.Bg5h4 Nb8c6
7.a3 Bd6e7
8.Nb1c3 d6
9.Bh4xf6 Be7xf6
10.Nc3d5 Bc8e6
11.b4 Be6xd5
12.Bc4xd5 Qd8d7
13.O-O Ra8b8
14.h3 Nc6e7
15.Bd5b3 Ne7g6
16.d4 exd4
17.Nf3xd4 b6
18.Bb3d5 Ng6e5
19.f4 Ne5g6
20.Bd5c6 Bf6xd4
21.Qd1xd4 Qd7xc6
22.c4 b5
23.Ra1c1 bxc4
24.Rc1xc4 Qc6b6
25.Qd4f2 Qb6xf2
26.Rf1xf2 Ng6e7
27.Rc4xc7 Ne7g6
28.g3 Rf8c8
29.Rf2c2 Rc8xc7
30.Rc2xc7 Ng6f8
31.f5 Rb8a8
32.Kf2 a5
33.b5 a4
34.b6 Ra8b8
35.b7 f6
36.Ke3 h5
37.Kd4 Kh7
38.Kd5 Kh6
39.h4 g6
40.Kc6 g5
41.Rc7c8 Rb8xb7
42.Kxb7 Nf8d7
43.Rc8h8 Kg7
44.Rh8e8 Nd7c5
45.Kc6 Kf7
 { temps }0-1

[Event "Tournoi n27421"]
[Site "www.echecsemail.com"]
[Date "2026.02.05"]
[Round "1"]
[White "Legros"]
[Black "Pioupiou22"]
[WhiteElo "1750"]
[BlackElo "1720"]
[Result "1-0"]
1.e4 e5
2.Ng1f3 Nb8c6
3.c3 Ng8f6
4.d4 exd4
5.e5 Nf6d5
6.cxd4 Bf8b4
7.Bc1d2 d6
8.Nb1c3 O-O
9.Bf1e2 Rf8e8
10.exd6 Qd8xd6
11.O-O b6
12.Rf1e1 Nd5f6
13.a3 Bb4xc3
14.bxc3 a5
15.Bd2e3 Nf6e4
16.Qd1b3 a4
17.Qb3b2 Nc6e7
18.c4 Ra8a7
19.Re1d1 Ne7f5
20.Ra1c1 Nf5xe3
21.fxe3 Qd6g6
22.Be2d3 Bc8g4
23.Rd1f1 Re8e6
24.Nf3e5 Re6xe5
25.dxe5 Bg4f5
26.Qb2c2 c5
27.Rc1b1 h6
28.Rb1b2 Ra7b7
29.Rf1f4 Rb7e7
30.Bd3xe4 Bf5xe4
31.Qc2xe4 Qg6h5
32.Rb2d2 Kf8
33.Qe4h7 Re7e8
34.Rd2d7 Qh5xe5
35.Qh7h8 1-0

[Event "Coupe Niveau 4"]
[Site "www.echecsemail.com"]
[Date "2026.02.05"]
[Round "1"]
[White "Pessoa"]
[Black "Senegaulois"]
[WhiteElo "2150"]
[BlackElo "1860"]
[Result "1-0"]
1.d4 Ng8f6
2.c4 d6
3.Nb1c3 g6
4.e4 Bf8g7
5.Bc1e3 O-O
6.f3 Nb8d7
7.Bf1d3 a6
8.Ng1e2 c5
9.d5 e5
10.Qd1d2 Nf6e8
11.Be3h6 Nd7f6
12.O-O-O Bc8d7
13.h4 b5
14.Ne2g3 bxc4
15.Bd3xc4 Ra8b8
16.h5 Nf6xh5
17.Ng3xh5 { abandon }1-0

[Event "Tournoi n27398"]
[Site "www.echecsemail.com"]
[Date "2026.02.05"]
[Round "1"]
[White "Philoconche"]
[Black "Mokanne"]
[WhiteElo "1530"]
[BlackElo "1430"]
[Result "1-0"]
1.d4 g6
2.e4 Bf8g7
3.Ng1f3 d6
4.Bc1e3 b5
5.Bf1xb5 Bc8d7
6.Nb1c3 a6
7.Bb5xd7 Qd8xd7
8.O-O c6
9.a4 e6
10.e5 Ng8e7
11.Nc3e4 d5
12.Ne4d6 Kd8
13.Nd6xf7 Kc7
14.Nf7xh8 Bg7xh8
15.b4 Bh8g7
16.Nf3g5 Ne7g8
17.Ng5xh7 Bg7h6
18.Nh7f6 Qd7d8
19.Nf6xg8 Bh6xe3
20.fxe3 Qd8xg8
21.Qd1f3 Nb8d7
22.Qf3f7 Qg8e8
23.Qf7xe8 Ra8xe8
24.c3 Re8e7
25.Rf1f2 Re7e8
26.Ra1c1 Re8e7
27.c4 Nd7b6
28.cxd5 exd5
29.Rf2f6 Nb6c4
30.Rf6xg6 Kb7
31.g3 Re7c7
32.Rc1e1 Rc7e7
33.Kg2 Kb6
34.h3 Kc7
35.g4 Kb6
36.Kg3 a5
37.b5 Re7c7
38.bxc6 Rc7f7
39.h4 Kc7
40.e6 Rf7e7
41.h5 Kxc6
42.h6 Nc4b6
43.Re1c1 Nb6c4
44.Rc1e1 Kd6
45.Kh4 Nc4d2
46.Kh5 Nd2e4
47.Re1b1 Ne4f6
48.Rg6xf6 Kc6
49.Rb1f1 Kb6
50.g5 Kc7
51.Rf6f7 Kd6
52.Rf7xe7 Kxe7
53.Rf1f6 Ke8
54.h7 { abandon }1-0

[Event "Défi"]
[Site "www.echecsemail.com"]
[Date "2026.02.05"]
[Round "1"]
[White "Bibisept"]
[Black "Arno"]
[WhiteElo "1980"]
[BlackElo "1770"]
[Result "1-0"]
1.d4 Ng8f6
2.Ng1f3 d5
3.c4 c5
4.Nb1c3 Nb8c6
5.e3 Bc8g4
6.Bf1e2 e6
7.O-O Bf8e7
8.Nf3d2 Bg4xe2
9.Nc3xe2 O-O
10.Rf1e1 Qd8c7
11.Ne2f4 b6
12.b3 Ra8d8
13.Nd2f3 e5
14.cxd5 exf4
15.dxc6 Qc7xc6
16.Bc1b2 fxe3
17.fxe3 cxd4
18.Ra1c1 Qc6b5
19.Bb2xd4 Nf6e4
20.Rc1c7 Ne4c3
21.Qd1c2 Nc3d5
22.Rc7xa7 Rd8c8
23.Qc2e2 Qb5xe2
24.Re1xe2 Rc8c1
25.Kf2 Be7c5
26.Bd4b2 Rc1a1
27.Bb2xa1 { abandon }1-0

[Event "Défi"]
[Site "www.echecsemail.com"]
[Date "2026.02.05"]
[Round "1"]
[White "Carabas"]
[Black "Gediato30"]
[WhiteElo "1930"]
[BlackElo "2140"]
[Result "1/2-1/2"]
1.d4 Ng8f6
2.c4 d5
3.c5 g6
4.Ng1f3 Bf8g7
5.b4 O-O
6.Bc1b2 Bc8d7
7.e3 Rf8e8
8.Bf1d3 Bd7g4
9.O-O c6
10.Nb1d2 Nb8d7
11.h3 Bg4xf3
12.Nd2xf3 Qd8c7
13.Nf3h2 e5
14.dxe5 Nd7xe5
15.Bb2xe5 Re8xe5
16.Nh2g4 Nf6xg4
17.Qd1xg4 a5
18.a4 axb4
19.Qg4xb4 Re5e7
20.Ra1e1 Ra8e8
21.e4 f5
22.exf5 Re7xe1
23.Rf1xe1 Re8xe1
24.Qb4xe1 Qc7f7
25.fxg6 hxg6
26.Qe1e3 Kh7
27.h4 Bg7h6
28.Qe3e2 Kg8
29.Qe2g4 Kg7
30.Qg4d4 Qf7f6
31.Qd4g4 Qf6a1
32.Kh2 Qa1e5
33.g3 Qe5f6
34.Qg4d7 Qf6f7
35.Qd7xf7 Kxf7
36.f4 Kf6
37.Kg2 Bh6f8
38.g4 Bf8xc5
39.Kf3 Bc5e7
40.a5 c5
41.a6 bxa6
42.Bd3xa6 Kg7
43.h5 c4
44.hxg6 Kxg6
45.Ke3 Be7c5
46.Kf3 Kf7
47.Ke2 c3
48.Ba6d3 Bc5d6
{ nul }1/2-1/2